Personnage overwatch - Statistiques

Statistiques générales
  • Ce quiz a été pris 29 fois
  • Le résultat moyen est 31 sur 50
Statistiques - réponses
Hint Réponse % Correct
Support Ange
89%
Tank Dva
89%
Support Ana
83%
Dps Cassidy
83%
Dps Faucheur
83%
Tank Reinhardt
83%
Tank Winston
83%
Support Zenyatta
83%
Tank Chopper
78%
Dps Fatale
78%
Dps Genji
78%
Dps Hanzo
78%
Dps Soldat 76
78%
Tank Bouldozer
72%
Dps Chacal
72%
Tank Doomfist
72%
Support Lucio
72%
Dps Mei
72%
Tank Sigma
72%
Tank Zaria
72%
Support Baptiste
67%
Dps Echo
67%
Support Kiriko
67%
Tank Orisa
67%
Dps Tracer
67%
Dps Ashe
61%
Tank Domina
61%
Dps Sojourn
61%
Dps Sombra
61%
Dps Pharah
56%
Tank Reine des Junkers
56%
Dps Vendetta
56%
Dps Bastion
50%
Support Brigitte
50%
Tank Danger
50%
Dps Emre
50%
Support Illari
50%
Support Jetpack cat
50%
Support Moira
50%
Tank Ramattra
50%
Dps Torbjorn
50%
Dps Anran
44%
Support Juno
44%
Tank Mauga
44%
Support Mizuki
44%
Dps Symmetra
44%
Support Wuyang
44%
Support Vital
33%
Dps Freja
28%
Dps Venture
28%
Aucun quiz correspondant
Distribution des résultats
% des personnes avec chaque résultat
Percentile par nombre de réponses
Votre historique - résultats
Vous n’avez pas pris ce quiz